| 000 | 00760nam a2200229Ia 4500 | ||
|---|---|---|---|
| 003 | GCL | ||
| 008 | 140319s9999 xx 000 0 ara d | ||
| 040 |
_aGCL / _cGCL |
||
| 082 | 0 | 4 |
_a331.114 _bا م |
| 100 | 1 | _aمحمد كمال مصطفى | |
| 245 | 1 | 0 |
_aمعجم مصطلحات القوى العاملة التخطيط - التنمية - الاستخدام (انجليزى- فرنسى - عربى) / _cمحمد كمال مصطفى |
| 260 |
_a[S.N] : _bمؤسسة شباب الجامعة ، _c1984 |
||
| 300 | _a271 ص | ||
| 490 | _a | ||
| 650 | 0 | 4 | _aالاقتصاد |
| 650 | 0 | 4 | _aالتخطيط |
| 650 | 0 | 4 | _aالتنمية |
| 650 | 0 | 4 | _aالقوى العاملة |
| 650 | 0 | 4 | _aالقواميس |
| 650 | 0 | 4 | _aالاستخدام |
| 942 |
_2ddc _cBK |
||
| 999 |
_c30683 _d30683 |
||